Statistics for Alpine World Ski Championships - Medal Count

Click here to take the quiz!

General Stats

  • This quiz has been taken 62 times
  • The average score is 21 of 23

Answer Stats

#Country% Correct
237Austria
100%
52Norway
100%
43Sweden
100%
68United States
of America
100%
23Canada
98%
99Germany
98%
58Italy
98%
102France
96%
164Switzerland
96%
5Finland
95%
1Slovakia
95%
12Slovenia
95%
1Spain
91%
1Japan
89%
2Australia
86%
9Croatia
86%
4Czech Republic
86%
11United Kingdom
82%
15Liechtenstein
81%
11Luxembourg
81%
2Poland
79%
1Soviet Union
61%
9Yugoslavia
58%

Score Distribution

Percentile by Number Answered

Percent of People with Each Score

Your Score History

You have not taken this quiz